=LDR 00000nam 2200000 4500 =001 NUTBA000000000004466 =005 20140915104104.0 =006 =007 =008 =020 ##$$a 978-979-051-143-9 =035 ##$$a 0010-091400000000499 =040 ##$$a NBPDMAT =082 ##$$a 616.71 =084 ##$$a 616.71 Amb m =100 ##$$a Ambarwati =245 ##$$a Mengenal Penyakit Tulang Sendi dan otot / $c Ambarwati =250 ##$$a Cet. 1 =260 ##$$a Semarang : $b Ghyyar Putra, $c 2010 =300 ##$$a 60 hlm. : $b ilus. ; $c 1 cm. =500 ##$$a Bibliografi : hlm.60 =650 ##$$a tulang-penyakit =990 ##$$a 21408047 =990 ##$$a 0001/BPAP-NTB/20142014 =990 ##$$a 0001/BPAP-NTB/20142014 =990 ##$$a 0001/BPAP-NTB/20142014 =990 ##$$a 0001/BPAP-NTB/20142014 =990 ##$$a 0001/BPAP-NTB/20142014 =990 ##$$a 0001/BPAP-NTB/20142014